Trouve les paroles - La Seine - Vanessa Paradis et M - Statistiques

Statistiques générales
  • Ce quiz a été pris 792 fois
  • Le résultat moyen est 141 sur 166
Statistiques - réponses
Paroles % Correct
La
100%
la
100%
Seine,
100%
Seine.
100%
seine,
100%
Seine
100%
Elle
95%
elle
95%
et
95%
Je
95%
je
95%
ne
95%
pas
95%
ça,
94%
comme
94%
de
94%
moi
94%
moi.
94%
sais,
93%
sais
93%
sur
93%
Sur
93%
pourquoi
92%
es
90%
tellement
90%
Tellement
90%
est
87%
son
87%
d'elle
86%
lit,
86%
m'ensorcelle
85%
sort
85%
sûre
85%
jolie
81%
ce
80%
On
78%
le
77%
Tu
74%
tu
74%
s'aime
71%
Paris
69%
des
68%
si
68%
mon
64%
Pont
64%
pont.
64%
sous
64%
n'es
63%
Extra
61%
scène
60%
quand
59%
coeur
58%
lune
56%
Cet
55%
pur,
54%
Arts,
53%
air
51%
vacille
51%
respire
49%
saoul,
48%
Entre
47%
l'air
47%
bon
45%
Nos
45%
les
43%
eaux,
42%
reflets
41%
Extralucide,
40%
Extravagante,
39%
perchés
38%
l'ange
36%
Lucille,
36%
Aucun quiz correspondant
Distribution des résultats
% des personnes avec chaque résultat
Percentile par nombre de réponses
Votre historique - résultats
Vous n’avez pas pris ce quiz